| 000 -GUIDE |
| Champ de contrôle de longueur fixe |
01408nam a22002777a 4500 |
| 003 - IDENTITÉ DU NUMÉRO DE CONTRÔLE |
| Champ de contrôle |
BI-BuBU |
| 008 - ÉLÉMENTS DE LONGUEUR FIXE - RENSEIGNEMENTS GÉNÉRAUX |
| Champ de contrôle de longueur fixe |
140123s2009 bd ||||dr|||| 000 0 eng d |
| 037 ## - SOURCE D'ACQUISITION |
| Source d'acquisition et du numéro d'inventaire |
don auteur |
| 039 ## - NIVEAU DE CONTRÔLE BIBLIOGRAPHIQUE ET HISTORIQUE D'ENCODAGE [OBSOLETE] |
| Date creation |
20140123150133.0 |
| Nom catalographe |
Godeberthe Nsengimana |
| 040 ## - SOURCE DU CATALOGAGE |
| Organisme qui a effectué le catalogage original |
BI-BuBU |
| Code de la langue utilisée dans le catalogage |
fre |
| Organisme qui a effectué la transcription |
BI-BuBU |
| Organisme qui a effectué la modification |
BI-BuBU |
| 041 0# - CODE DE LANGUE |
| Code de langue du texte/de la piste sonore ou du titre distinct |
fre |
| 080 ## - INDICE DE LA CLASSIFICATION DÉCIMALE UNIVERSELLE (CDU) |
| Indice de la Classification décimale universelle |
371. |
| 100 1# - VEDETTE PRINCIPALE - NOM DE PERSONNE |
| Code de relation |
aut |
| Nom de personne |
Ndabambarire,Désiré |
| 245 10 - MENTION DU TITRE |
| Titre |
Syllabus, materials and attitudes as factors affecting the teaching and learning of english is some secondary schools in Bujumbura city |
| Reste du titre |
case of third form scientific |
| Mention de responsabilité, etc. |
by Désiré Ndabambarire; Owolabi Badmus Ajayi |
| 260 ## - PUBLICATION, DIFFUSION, ETC. (ADRESSE BIBLIOGRAPHIQUE) |
| Lieu de publication, diffusion, etc. |
Bujumbura |
| Nom de l'éditeur, diffuseur, etc. |
University of Burundi, institute for applied pedagogy, department of english kirundi |
| 300 ## - DESCRIPTION MATÉRIELLE |
| Collation |
VII-58 f. |
| Dimensions |
30 cm. |
| 500 ## - NOTE GÉNÉRALE |
| Note générale |
A dissertation submited in partial fulfilment of the requirements for the award of the degree "Licencié en Pédagogie Appliquée.Agrégé de l'enseignement secondaire en Anglais" |
| 650 #7 - VEDETTE-MATIÈRE - NOM COMMUN |
| Source du terme |
BI-BuBU |
| Vedette de sujet ou vedette comportant un nom géographique |
Anglais(langue).Enseignement. Syllabus |
| 9 (RLIN) |
84269 |
| 650 #7 - VEDETTE-MATIÈRE - NOM COMMUN |
| Source du terme |
BI-BuBU |
| Vedette de sujet ou vedette comportant un nom géographique |
Anglais(langue).Apprentissage.Matériel |
| 9 (RLIN) |
84270 |
| 655 ## - TERME D'INDEXATION - GENRE OU FORME |
| Subdivision de forme |
Mémoire |
| 9 (RLIN) |
84271 |
| 700 1# - VEDETTE SECONDAIRE - NOM DE PERSONNE |
| Code de relation |
drt |
| Nom d'auteur |
Ajayi,Owolabi Badmus |
| 9 (RLIN) |
84272 |
| 710 ## - VEDETTE SECONDAIRE - NOM DE COLLECTIVITÉ |
| Nom de la collectivité ou nom de lieu comme élément de classement |
University of Burundi |
| Collectivité subordonnée |
institute for applied pedagogy, department of english |
| 9 (RLIN) |
84273 |
| 942 ## - ÉLÉMENTS D'ENTRÉE ADDITIONNELLE (KOHA) |
| Source de la classification ou du système de rangement |
|
| Type d item koha |
Memoire |